[Event "Gau Algesheim op 1st"]
[Site "Gau Algesheim"]
[Date "2013.08.18"]
[Round "5"]
[White "Korsunsky, Aleksandr"]
[Black "Kohl, Felix"]
[Result "1-0"]
[WhiteElo "2184"]
[BlackElo "1743"]
[PlyCount "79"]
[EventDate "2013.08.16"]
[EventType "swiss"]
[EventRounds "5"]
[EventCountry "GER"]
[SourceTitle "EXT 2015"]
[Source "ChessBase"]
[SourceDate "2014.11.20"]
[SourceVersion "1"]
[SourceVersionDate "2014.11.20"]
[SourceQuality "1"]

1. e4 e6 2. d4 d5 3. exd5 exd5 4. Nf3 Bd6 5. c4 c6 6. Nc3 Nf6 7. Bg5 dxc4 8. Bxc4 0-0 9. 0-0 Bf5 10. Nh4 Bc8 11. Qf3 Be7 12. Rfe1 Qa5 13. Re5 Qb4 14. Bb3 Bd6 15. Bxf6 Bxe5 16. Bxe5 Nd7 17. Qg3 Nxe5 18. Qxe5 a5 19. Qc5 Re8 20. Nf3 Be6 21. Bxe6 Rxe6 22. Rb1 b6 23. Qf5 Rae8 24. h3 g6 25. Qd3 Qd6 26. a4 Rb8 27. Re1 Rxe1+ 28. Nxe1 Qb4 29. Qd2 Qc4 30. Nf3 b5 31. Qf4 Rb7 32. axb5 cxb5 33. Qe4 Rb8 34. Qe5 Rb7 35. Nd5 Qc1+ 36. Kh2 Qxb2 37. Nf6+ Kf8 38. Ng5 Qa3 39. Ngxh7+ Kg7 40. Ne8+ 1-0

[Event "Rheinland Pfalz op 5th"]
[Site "Worms"]
[Date "2013.05.31"]
[Round "3"]
[White "Quarz, Paul"]
[Black "Korsunsky, Aleksandr"]
[Result "1/2-1/2"]
[WhiteElo "1960"]
[BlackElo "2205"]
[PlyCount "35"]
[EventDate "2013.05.30"]
[EventType "swiss"]
[EventRounds "7"]
[EventCountry "GER"]
[SourceTitle "EXT 2014"]
[Source "ChessBase"]
[SourceDate "2013.11.20"]
[SourceVersion "1"]
[SourceVersionDate "2013.11.20"]
[SourceQuality "1"]

1. e4 e5 2. f4 Nf6 3. Nc3 d5 4. exd5 e4 5. d3 Bb4 6. Bd2 e3 7. Bxe3 Nxd5 8. Bd2 Bxc3 9. bxc3 0-0 10. c4 Re8+ 11. Be2 Nf6 12. Nf3 Nc6 13. 0-0 Qe7 14. Ne5 Nxe5 15. fxe5 Qxe5 16. Bf3 Qd4+ 17. Kh1 Ng4 18. Bxg4 1/2-1/2

[Event "Rheinland Pfalz op 5th"]
[Site "Worms"]
[Date "2013.05.30"]
[Round "2"]
[White "Korsunsky, Aleksandr"]
[Black "Stein, Daniel"]
[Result "1-0"]
[WhiteElo "2205"]
[BlackElo "1823"]
[PlyCount "39"]
[EventDate "2013.05.30"]
[EventType "swiss"]
[EventRounds "7"]
[EventCountry "GER"]
[SourceTitle "EXT 2014"]
[Source "ChessBase"]
[SourceDate "2013.11.20"]
[SourceVersion "1"]
[SourceVersionDate "2013.11.20"]
[SourceQuality "1"]

1. e4 c6 2. d4 d5 3. exd5 cxd5 4. c4 Nf6 5. Nc3 Nc6 6. Bg5 Bg4 7. Be2 Bxe2 8. Ngxe2 dxc4 9. d5 Ne5 10. 0-0 Qa5 11. Qd4 Ned7 12. Bxf6 Nxf6 13. Qxc4 a6 14. Rfe1 g6 15. d6 e5 16. Red1 Qd8 17. Ne4 Bg7 18. d7+ Kf8 19. Ng5 Qe7 20. Nxf7 1-0

[Event "GER-ch Seniors"]
[Site "Dresden"]
[Date "2012.08.15"]
[Round "7"]
[White "Kahn, Peter"]
[Black "Korsunsky, Aleksandr"]
[Result "0-1"]
[WhiteElo "2099"]
[BlackElo "2229"]
[PlyCount "70"]
[EventDate "2012.08.09"]
[EventType "swiss"]
[EventRounds "9"]
[EventCountry "GER"]
[SourceTitle "EXT 2014"]
[Source "ChessBase"]
[SourceDate "2013.11.20"]
[SourceVersion "1"]
[SourceVersionDate "2013.11.20"]
[SourceQuality "1"]

1. e4 e5 2. Nf3 d6 3. Bc4 Be7 4. d3 Nf6 5. 0-0 0-0 6. c3 Nc6 7. Re1 Nd7 8. Bb3 Nb6 9. Nbd2 Kh8 10. Bc2 g6 11. d4 Bf6 12. dxe5 Nxe5 13. Nxe5 dxe5 14. Qe2 Be6 15. Bb3 Qe7 16. Bxe6 Qxe6 17. b3 Be7 18. Nf3 f6 19. Bb2 Rfd8 20. Red1 Rxd1+ 21. Rxd1 a5 22. c4 a4 23. Ne1 axb3 24. axb3 Nd7 25. Nd3 Nc5 26. Nxc5 Bxc5 27. Qc2 Qe7 28. Bc3 Rd8 29. Kf1 Kg7 30. Rxd8 Qxd8 31. Qd2 Bd4 32. b4 Qd6 33. Bxd4 exd4 34. g3 d3 35. Qb2 d2 0-1

[Event "GER-ch Seniors"]
[Site "Dresden"]
[Date "2012.08.13"]
[Round "5"]
[White "Krotofil, Kurt"]
[Black "Korsunsky, Aleksandr"]
[Result "0-1"]
[WhiteElo "1980"]
[BlackElo "2229"]
[PlyCount "42"]
[EventDate "2012.08.09"]
[EventType "swiss"]
[EventRounds "9"]
[EventCountry "GER"]
[SourceTitle "EXT 2014"]
[Source "ChessBase"]
[SourceDate "2013.11.20"]
[SourceVersion "1"]
[SourceVersionDate "2013.11.20"]
[SourceQuality "1"]

1. d4 Nf6 2. Nf3 d6 3. c4 Bg4 4. e3 c6 5. Nc3 Nbd7 6. Be2 e5 7. e4 Be7 8. 0-0 0-0 9. Be3 Bxf3 10. Bxf3 exd4 11. Qxd4 Qa5 12. Qd2 Kh8 13. Be2 Rad8 14. a3 Qc7 15. Rfd1 a6 16. Qc2 Rfe8 17. Rd4 Ne5 18. f3 d5 19. Rdd1 d4 20. Bxd4 Rxd4 21. Rxd4 Bc5 0-1

[Event "GER-ch Seniors"]
[Site "Dresden"]
[Date "2012.08.11"]
[Round "3"]
[White "Siegmund, Rainer"]
[Black "Korsunsky, Aleksandr"]
[Result "1-0"]
[WhiteElo "2139"]
[BlackElo "2229"]
[PlyCount "93"]
[EventDate "2012.08.09"]
[EventType "swiss"]
[EventRounds "9"]
[EventCountry "GER"]
[SourceTitle "EXT 2014"]
[Source "ChessBase"]
[SourceDate "2013.11.20"]
[SourceVersion "1"]
[SourceVersionDate "2013.11.20"]
[SourceQuality "1"]

1. d4 Nf6 2. c4 c5 3. d5 e5 4. Nc3 d6 5. e4 Be7 6. Be2 Nbd7 7. Nf3 0-0 8. 0-0 Ne8 9. Qc2 g6 10. Bh6 Ng7 11. Bd3 Nf6 12. h3 Kh8 13. a3 Ng8 14. Bxg7+ Kxg7 15. b4 b6 16. bxc5 bxc5 17. Rab1 f5 18. Qa4 f4 19. Nd2 g5 20. f3 h5 21. Be2 Nf6 22. Qc6 Bd7 23. Qa6 Bc8 24. Qa4 Bd7 25. Qa6 g4 26. hxg4 hxg4 27. fxg4 Nxg4 28. Bxg4 Bxg4 29. Nf3 Rh8 30. Kf2 Bc8 31. Qa4 Rh6 32. Qc6 Bd7 33. Qa6 Bh4+ 34. Ke2 Be7 35. Kd3 Rg6 36. Rb2 Bc8 37. Qc6 Bd7 38. Qb7 a6 39. Rff2 Qc8 40. Qxc8 Bxc8 41. Na4 Bd8 42. Nb6 Bxb6 43. Rxb6 Ra7 44. Rfb2 Kf7 45. Rb8 Bd7 46. R8b6 a5 47. Rf2 1-0

[Event "Rheinhessen-ch HTA"]
[Site "Gau Algesheim"]
[Date "2010.04.03"]
[Round "7"]
[White "Korsunsky, Aleksandr"]
[Black "Schneider, Johannes"]
[Result "1/2-1/2"]
[WhiteElo "2142"]
[BlackElo "1883"]
[PlyCount "25"]
[EventDate "2010.03.27"]
[EventType "swiss"]
[EventRounds "7"]
[EventCountry "GER"]
[SourceTitle "EXT 2012"]
[Source "ChessBase"]
[SourceDate "2011.11.24"]
[SourceVersion "1"]
[SourceVersionDate "2011.11.24"]
[SourceQuality "1"]

1. e4 c5 2. Nf3 Nc6 3. Bb5 a6 4. Bxc6 bxc6 5. 0-0 d5 6. d3 e6 7. c4 Ne7 8. Nc3 d4 9. Na4 Ng6 10. e5 Qc7 11. Re1 f6 12. b3 f5 13. Ba3 1/2-1/2

[Event "Rheinhessen-ch HTA"]
[Site "Gau Algesheim"]
[Date "2010.04.02"]
[Round "5"]
[White "Korsunsky, Aleksandr"]
[Black "Lerch, Cornelia"]
[Result "1-0"]
[WhiteElo "2142"]
[BlackElo "1716"]
[PlyCount "93"]
[EventDate "2010.03.27"]
[EventType "swiss"]
[EventRounds "7"]
[EventCountry "GER"]
[SourceTitle "EXT 2012"]
[Source "ChessBase"]
[SourceDate "2011.11.24"]
[SourceVersion "1"]
[SourceVersionDate "2011.11.24"]
[SourceQuality "1"]

1. d4 Nf6 2. c4 e6 3. Nf3 b6 4. g3 Bb7 5. Bg2 d5 6. Ne5 Bb4+ 7. Bd2 Bxd2+ 8. Nxd2 0-0 9. 0-0 Na6 10. cxd5 Bxd5 11. Bxd5 Qxd5 12. Qa4 Qb7 13. Qc6 Qc8 14. a3 Rd8 15. Nb3 Rd6 16. Qf3 Qe8 17. Qb7 Qc8 18. Qxc8+ Rxc8 19. Rac1 Kf8 20. Rc2 Nd5 21. Rfc1 Ne7 22. Rc4 f6 23. Nf3 Ke8 24. Nbd2 Kd7 25. b4 Nb8 26. e3 Rc6 27. Kf1 Rxc4 28. Nxc4 a6 29. Ke2 Nbc6 30. Ne1 b5 31. Nd2 a5 32. Nd3 axb4 33. axb4 Nd5 34. Nc5+ Ke7 35. Nxe6 Ndxb4 36. Nxg7 Rb8 37. Nf5+ Kd7 38. e4 Na2 39. Rc2 Ncb4 40. Rc5 c6 41. e5 fxe5 42. dxe5 Nd5 43. Nd4 Nac3+ 44. Kd3 Na4 45. e6+ Kc7 46. Rxc6+ Kd8 47. Rd6+ 1-0

[Event "Rheinhessen-ch HTA"]
[Site "Gau Algesheim"]
[Date "2010.03.28"]
[Round "4"]
[White "Stassen, Arno"]
[Black "Korsunsky, Aleksandr"]
[Result "0-1"]
[WhiteElo "1995"]
[BlackElo "2142"]
[PlyCount "38"]
[EventDate "2010.03.27"]
[EventType "swiss"]
[EventRounds "7"]
[EventCountry "GER"]
[SourceTitle "EXT 2012"]
[Source "ChessBase"]
[SourceDate "2011.11.24"]
[SourceVersion "1"]
[SourceVersionDate "2011.11.24"]
[SourceQuality "1"]

1. d4 Nf6 2. Nf3 d6 3. g3 g6 4. Bg2 Bg7 5. 0-0 0-0 6. c4 c6 7. Nc3 Qa5 8. d5 cxd5 9. cxd5 Na6 10. e4 Bd7 11. Qe2 Nc5 12. Rb1 Nfxe4 13. Nxe4 Nxe4 14. Ra1 Qxd5 15. Nd2 f5 16. Nxe4 fxe4 17. Bxe4 Qe6 18. Qe3 d5 19. Rd1 dxe4 0-1